De trenes y pueblos "fantasma" (Registro nro. 16635)

Detalles MARC
000 -LEADER
fixed length control field 00327 a2200109 4500
001 - CONTROL NUMBER
control field ART_3704
005 - DATE AND TIME OF LATEST TRANSACTION
control field 20260410161717.0
008 - FIXED-LENGTH DATA ELEMENTS--GENERAL INFORMATION
fixed length control field 260409a
100 1# - MAIN ENTRY--PERSONAL NAME
Personal name Müller, Alberto E.G.
245 10 - TITLE STATEMENT
Title De trenes y pueblos "fantasma"
773 0# - HOST ITEM ENTRY
Title Desarrollo económico
Related parts - Vol. 46, Nº 184 (ene./mar. 2007)
Record control number REV1174

No hay ítems disponibles.